Uno sguardo all'intimità sessuale celata nel 19. e 20. secolo in Inghilterra : tesi di laurea in Lingua e letteratura inglese /

সংরক্ষণ করুন:
গ্রন্থ-পঞ্জীর বিবরন
প্রধান লেখক: Di Giovanni, Mariangela (লেখক)
অন্যান্য লেখক: Tarozzi, Fiorenza, Scatasta, Gino
বিন্যাস: গ্রন্থ
ভাষা:ইতালিয়
প্রকাশিত: A.a. 2006-2007
ট্যাগগুলো: ট্যাগ যুক্ত করুন
কোনো ট্যাগ নেই, প্রথমজন হিসাবে ট্যাগ করুন!

MARC

LEADER 00000nam a22000007i 4500
001 IT\ICCU\UBO\3425267
003 ItRI
005 20260124192843.0
008 080520m20062007it |||||| ||||| |||||c
040 |b ita  |c importazione bologna sebina 
041 7 |a ita  |2 ISO-639-2 
100 1 |a Di Giovanni, Mariangela  |0 IT\ICCU\UBOV\238170  |4 aut 
245 1 4 |a Uno sguardo all'intimità sessuale celata nel 19. e 20. secolo in Inghilterra :  |b tesi di laurea in Lingua e letteratura inglese /  |c presentata da: Mariangela Di Giovanni ; relatore: Gino Scatasta ; correlatore: Fiorenza Tarozzi. 
260 |c A.a. 2006-2007 
300 |a 138 p. ;  |c 30 cm 
500 |a In testa al front.: Alma Mater Studiorum Università degli Studi di Bologna, Facoltà di Lingue e letterature straniere, Corso di laurea in Lingue e letterature straniere, indirizzo storico-culturale 
500 |a In calce al front.: sessione 3., anno accademico 2006-2007. 
700 1 |a Tarozzi, Fiorenza  |0 IT\ICCU\CFIV\065564 
700 1 |a Scatasta, Gino  |0 IT\ICCU\RAVV\038684 
942 |2 ddc  |c TS  |n 0 
952 |0 0  |1 0  |4 0  |6 TESI_306_766000000000000_DIG  |7 0  |9 24833  |a BO  |b BO  |d 2026-01-15  |i 11793  |l 0  |o TESI 306.766 DIG  |p BO11793  |r 2026-01-15 23:23:49  |w 2026-01-15  |x [Sebina 7] [1 v.]  |y TS  |z 1 v. 
999 |c 21106  |d 21106